| 000 | 00407nam a22001697a 4500 | ||
|---|---|---|---|
| 003 | OSt | ||
| 005 | 20260316174224.0 | ||
| 008 | 260316b |||||||| |||| 00| 0 eng d | ||
| 040 | _cFLL | ||
| 041 |
_aENG _dENG |
||
| 100 |
_aRYDER, RODNEY.D _91132220 |
||
| 245 | _aARTIFICIAL INTELLIGENCE AND LAW | ||
| 250 | _a2nd | ||
| 260 |
_a NEW DELHI _bLAW AND JUSTICE _c2025 |
||
| 300 | _a184 | ||
| 942 |
_2CC _cTB _n0 |
||
| 999 |
_c1715556 _d1715556 |
||